• 首页
  • 本馆介绍
  • 公告通知
  • 最新文献
  • 馆藏检索
  • 电子资源
  • 读者导购
  • 参考咨询
  • 我的图书馆
  • 登录
  • 详细信息显示
  • 放入我的书架
  • 预约/预借图书
  • 作者相关作品
  • 分类相关作品
  • 丛书相关作品
  • 出版社相关作品

书目信息

  • 表格格式
  • 工作单格式
  • 卡片格式
题名:
国家教师资格面试专用教材
    
 
作者: ;粉笔教师 编著
分册:   面试高分实战
出版信息: 北京   电子工业出版社  2019.12
页数: 252页
开本: 26cm
丛书名:
单 册:
中图分类: G451.1 , G633.302
科图分类:
主题词: 教师--资格考试--教材 , 中学语文课--教学法--初中--中学教师--资格考试--教材
电子资源:
ISBN: 978-7-121-36482-2
000 00911nam0 2200253 45
001 012001001161
005 20140820150507.0
010    @a978-7-121-36482-2@dCNY59.00
100    @a20210219d2019 em y0chiy0110 ea
101 0  @achi
102    @aCN@b110000
105    @aa z 000yy
106    @ar
200 1  @a国家教师资格面试专用教材@Aguo jia jiao shi zi ge mian shi zhuan yong jiao cai@i面试高分实战@i初中语文@f粉笔教师编著
210    @a北京@c电子工业出版社@d2019.12
215    @a252页@c图@d26cm
330    @a本书分为俯瞰面试、试讲、结构化、答辩、考官考生经验分享五篇,主要内容包括:拿证“三步曲”、试讲概述、结构化面试考情、答辩概述等。
606 0  @a教师@x资格考试@j教材
606 0  @a中学语文课@x教学法@x初中@x中学教师@x资格考试@j教材
690    @aG451.1@v5
690    @aG633.302@v5
711 02 @a粉笔教师@Afen bi jiao shi@4编著
801    @aCN@bAHXH@c20210922
905    @b1247879-82@dG451.1@e468@f4
    
    国家教师资格面试专用教材.面试高分实战.初中语文/粉笔教师编著.-北京:电子工业出版社,2019.12
    252页:图;26cm
    
    
    ISBN 978-7-121-36482-2:CNY59.00
    本书分为俯瞰面试、试讲、结构化、答辩、考官考生经验分享五篇,主要内容包括:拿证“三步曲”、试讲概述、结构化面试考情、答辩概述等。
●
相关链接 在E读中查询图书 在五车中查询图书 在当当中查询图书 在豆瓣中查询图书


正题名:国家教师资格面试专用教材     索取号:G451.1/468         预约/预借

序号 登录号 条形码 馆藏地/架位号 状态 备注
1 1247879   212478790   第一样本阅览室/ [索取号:G451.1/468] 在馆    
2 1247880   212478807   第四借阅区/ [索取号:G451.1/468] 在馆    
3 1247881   212478816   第四借阅区/ [索取号:G451.1/468] 在馆    
4 1247882   212478825   第四借阅区/ [索取号:G451.1/468] 在馆    
唐山师范学院图书馆 欢迎您!
大连网信软件有限公司© 版权所有